| 000 | 00729nam a2200217 a 4500 | ||
|---|---|---|---|
| 005 | 20240912063824.0 | ||
| 008 | 080303s2007 ag r 000 0 spa d | ||
| 020 | _a9789875730977 | ||
| 035 | _aUPN01000154698 | ||
| 049 | _aI | ||
| 050 | 4 |
_aPZ74.9 _bG8.2 |
|
| 100 | 1 | _aGutiérrez, José María | |
| 245 | 1 | 3 |
_aEl barrilete más grande del mundo / _cJosé María Gutiérrez ; il. de Pablo Zweig. |
| 260 |
_aBuenos Aires : _bSM, _c2007. |
||
| 300 |
_a[30] p. : _bprincipalmente il. col. |
||
| 440 | 3 |
_aEl barco de vapor. _pLos piratas ; _v8 |
|
| 650 | 4 |
_aCuentos infantiles argentinos _97466 |
|
| 650 | 4 |
_aCometas (Aeronáutica) _vLiteratura infantil _923263 |
|
| 700 | 1 |
_aZweig, Pablo, _d1964- _eil. _938983 |
|
| 905 | _aInfantil | ||
| 999 |
_c126815 _d126815 |
||